000
00314nam a22001217a 4500
999
_c
7675
_d
7675
005
20190225124306.0
008
190225b ||||| |||| 00| 0 eng d
040
_c
jitshen
100
_a
Rinchen Yangzom and David Long
245
_a
A new species of Meconopsis.
300
_a
177-181 p.
_c
30 cm.
942
_2
ddc
_c
BINDER